000 00435nam a2200157Ia 4500
008 240729s9999 xx 000 0 und d
022 _a2748-9957
245 0 _aHuman Biology and Public Health
260 _aGermany
260 _bUniversitätsverlag Potsdam
650 _a Biology (General)
650 _aMedicine | Science
856 _uhttps://doaj.org/toc/a001b9140cd547b3abbcee183806991f
942 _2ddc
942 _cDOAJEJ
999 _c66960
_d66960
945 _a1
_bMadushi Gamage
_c1
_dMadushi Gamage